Guess the Cartoon from the Backdrop - Statistics

General Stats
  • This quiz has been taken 18 times
  • The average score is 4 of 5
Answer Stats
Picture Answer % Correct
Adventure Time
100%
Courage: The Cowardly Dog
100%
Family Guy
100%
Mickey Mouse Clubhouse
100%
Powerpuff Girls
100%
South Park
100%
Spongebob
100%
Steven Universe
100%
Gravity Falls
86%
The Amazing World of Gumball
83%
Regular Show
80%
Bluey
75%
Bob's Burgers
75%
Avatar: The Last Airbender
67%
Phineas & Ferb
50%
Star Vs. the Forces of Evil
50%
Teen Titans
50%
Arcane
33%
Naruto
20%
My Little Pony
0%
The Amazing Digital Circus
0%
Total Drama Island
0%
No matching quizzes found
Score Distribution
Percent of People with Each Score
Percentile by Number Answered
Your Score History
You have not taken this quiz